000 00657nam a2200133Ia 4500
003 GCL
008 140319s9999 xx 000 0 ara d
040 _aGCL /
_cGCL
082 0 4 _aم
_b920.71
_bاا
100 1 _aابن الاثير المؤرخ : عزالدين ايو الحسن على بن محمد بن عبدالكريم الشيبانى الجزرى
245 1 0 _aاللباب فى تهذيب الانساب /
_cابن الاثير المؤرخ : عزالدين ايو الحسن على بن محمد بن عبدالكريم الشيبانى الجزرى
260 _a[S.N] :
_bمكتبة المثنى
490 _aشكاوى المصرى الفصيح
_v0
999 _c59349
_d59349